00574nam a2200109Ia 4500008004100000020001800041245011600059260002200175650001200197650021000209856004500419171212s9999 xx 000 0 und d a9781925021233 ceditor Carr, Barry;Minns, JohnaAustralia and Latin AmericabChallenges and Opportunities in the New Millennium bANU E Pressc2014 aHistory aIntercultural communication; Australia -- Politics and government; Latin America -- Politics and government; Australia -- Foreign relations -- Latin America; Latin America -- Foreign relations -- Australia uhttp://www.jstor.org/stable/j.ctt13wwvwb